[Event "CAN/QC op"]
[Site "Montreal CAN"]
[Date "2002.07.14"]
[Round "2"]
[White "Brodie, Hugh"]
[Black "Veltmann, Martin"]
[Result "1/2-1/2"]
[WhiteElo "1902"]
[BlackElo "2153"]
[PlyCount "113"]
[EventDate "2002.07.13"]
[EventType "swiss"]
[EventRounds "9"]
[EventCountry "CAN"]

1. e4 g6 2. d4 Bg7 3. Nf3 d6 4. Bc4 c6 5. O-O Nf6 6. Qe2 O-O 7. Bb3 Bg4 8. c3
Nfd7 9. Be3 e5 10. Nbd2 Qe7 11. h3 Bxf3 12. Nxf3 a5 13. Bg5 Bf6 14. Bxf6 Nxf6
15. dxe5 dxe5 16. a3 Na6 17. Nd2 Nc5 18. Bc2 a4 19. Kh2 Rad8 20. Rad1 Kg7 21.
g3 h5 22. f4 h4 23. f5 hxg3+ 24. Kxg3 Nh5+ 25. Kh2 Qg5 26. Qg2 Qxg2+ 27. Kxg2
Nf4+ 28. Kg3 Rh8 29. h4 b5 30. Nf3 f6 31. fxg6 Kxg6 32. Kf2 Ncd3+ 33. Bxd3
Nxd3+ 34. Ke2 Nxb2 35. Rg1+ Kf7 36. Rdf1 Ke6 37. Rg6 Ke7 38. Rfg1 Rh7 39. h5
Nd3 40. Rg7+ Rxg7 41. Rxg7+ Ke6 42. h6 Nf4+ 43. Ke1 Nh5 44. Rb7 Nf4 45. Nh4
Nd3+ 46. Kf1 Nc5 47. Rg7 Nxe4 48. h7 Rh8 49. Ng6 Rxh7 50. Rxh7 Nxc3 51. Ke1 c5
52. Rb7 Kd5 53. Rf7 b4 54. axb4 cxb4 55. Rxf6 a3 56. Ra6 b3 57. Rxa3 1/2-1/2

[Event "CAN/QC op"]
[Site "Montreal CAN"]
[Date "2002.07.14"]
[Round "2"]
[White "Chokshi, Manthan"]
[Black "Rosenberg, Evan"]
[Result "1-0"]
[WhiteElo "2231"]
[BlackElo "2000"]
[PlyCount "143"]
[EventDate "2002.07.13"]
[EventType "swiss"]
[EventRounds "9"]
[EventCountry "CAN"]

1. e4 c6 2. d4 d5 3. Nc3 dxe4 4. Nxe4 Bf5 5. Ng3 Bg6 6. h4 h6 7. Nf3 Nd7 8. h5
Bh7 9. Bd3 Bxd3 10. Qxd3 Ngf6 11. Bd2 e6 12. O-O-O Be7 13. Ne4 Nxe4 14. Qxe4
Nf6 15. Qe2 Qd5 16. c4 Qe4 17. Be3 Ng4 18. Nd2 Qf5 19. Rh3 Nxe3 20. fxe3 O-O
21. Rf1 Qa5 22. Kb1 c5 23. d5 exd5 24. cxd5 c4 25. e4 b5 26. e5 Rac8 27. Ne4 b4
28. d6 Bd8 29. Nf6+ Bxf6 30. exf6 c3 31. Qg4 c2+ 32. Kc1 Qg5+ 33. Qxg5 hxg5 34.
fxg7 Kxg7 35. Rf2 Rc6 36. Rd3 Rd8 37. d7 Rc7 38. Rfd2 f6 39. Rd4 a5 40. b3 Kf7
41. Rd5 Kg7 42. Rd6 g4 43. R2d4 Kh6 44. R6d5 Kh7 45. Rxg4 Rcxd7 46. Rxd7+ Rxd7
47. Kxc2 Kh6 48. Rg6+ Kxh5 49. Rxf6 Rd5 50. Rf2 Kg4 51. Rd2 Rc5+ 52. Kd3 Kf4
53. Kd4 Rc8 54. Rf2+ Kg4 55. Re2 a4 56. bxa4 Rc3 57. Rb2 Ra3 58. Rxb4 Rxa2 59.
Kc5+ Kf5 60. g4+ Ke6 61. Kb6 Kd7 62. Rd4+ Kc8 63. Kc6 Rc2+ 64. Kd6 Kb7 65. Ke6
Kc6 66. g5 Re2+ 67. Kf5 Kc5 68. Re4 Rf2+ 69. Rf4 Rg2 70. g6 Kd6 71. Kf6 Rh2 72.
g7 1-0

[Event "CAN/QC op"]
[Site "Montreal CAN"]
[Date "2002.07.14"]
[Round "2"]
[White "Chow, Vincent"]
[Black "Lipnowski, Irwin"]
[Result "1/2-1/2"]
[WhiteElo "2189"]
[BlackElo "2416"]
[PlyCount "42"]
[EventDate "2002.07.13"]
[EventType "swiss"]
[EventRounds "9"]
[EventCountry "CAN"]

1. d4 Nf6 2. c4 e6 3. Nc3 Bb4 4. f3 d5 5. e3 O-O 6. Bd3 dxc4 7. Bxc4 c5 8. Nge2
cxd4 9. exd4 Nc6 10. a3 Be7 11. O-O b6 12. d5 exd5 13. Nxd5 Bb7 14. Nec3 Ne5
15. Bb3 Bc5+ 16. Be3 Bxe3+ 17. Nxe3 Qe7 18. Qe2 Rfe8 19. Rfe1 Rad8 20. Ba4 Bc6
21. Bxc6 Nxc6 1/2-1/2

[Event "CAN/QC op"]
[Site "Montreal CAN"]
[Date "2002.07.14"]
[Round "2"]
[White "Corriveau, Philippe"]
[Black "Gottlieb, Jonathan"]
[Result "0-1"]
[WhiteElo "1909"]
[BlackElo "2206"]
[PlyCount "102"]
[EventDate "2002.07.13"]
[EventType "swiss"]
[EventRounds "9"]
[EventCountry "CAN"]

1. e4 c5 2. Nc3 Nc6 3. g3 g6 4. Bg2 Bg7 5. d3 d6 6. f4 e6 7. Nf3 Nge7 8. O-O
O-O 9. Be3 Nd4 10. e5 Bd7 11. Ne4 Nef5 12. Bf2 Nxf3+ 13. Qxf3 Bc6 14. c3 dxe5
15. fxe5 Qc7 16. Qe2 b6 17. g4 Ne7 18. Bg3 Rad8 19. Rf2 Nd5 20. Raf1 a6 21. Nd6
Rd7 22. Ne4 Kh8 23. Nf6 Rdd8 24. g5 Ne7 25. Be4 Qb7 26. Qg4 Nf5 27. Bxf5 exf5
28. Qh4 Bxf6 29. exf6 h5 30. d4 cxd4 31. cxd4 Be4 32. Be5 Rc8 33. Qf4 Qd7 34.
Rd2 Bb7 35. Bd6 Rfe8 36. d5 b5 37. Be7 Rc4 38. Rd4 Rec8 39. Rfd1 R8c5 40. Qe5
Rxd4 41. Rxd4 Rc1+ 42. Kf2 Rc2+ 43. Ke3 Qc8 44. Bd6 Rxb2 45. Bc7 f4+ 46. Rxf4
Rc2 47. Bb6 Rxa2 48. Qc7 Qh3+ 49. Kd4 Rd2+ 50. Kc5 Qe3+ 51. Kb4 Rxd5 0-1

[Event "CAN/QC op"]
[Site "Montreal CAN"]
[Date "2002.07.14"]
[Round "2"]
[White "Cuartas, Carlos"]
[Black "Ayotte, Jocelyn"]
[Result "1-0"]
[WhiteElo "2343"]
[BlackElo "1934"]
[PlyCount "77"]
[EventDate "2002.07.13"]
[EventType "swiss"]
[EventRounds "9"]
[EventCountry "CAN"]

1. e4 c5 2. Nf3 d6 3. c3 Nf6 4. Be2 e6 5. O-O Be7 6. Qc2 Qc7 7. d4 cxd4 8. Nxd4
a6 9. Bg5 Nc6 10. Nxc6 Qxc6 11. Bf3 e5 12. Nd2 Be6 13. Rfe1 Rc8 14. Nf1 h6 15.
Bxf6 Bxf6 16. Ne3 O-O 17. Red1 g6 18. Nd5 Bxd5 19. Rxd5 Be7 20. Rad1 Kg7 21. g3
Qc7 22. Bg4 Rcd8 23. h4 Rg8 24. Kg2 Rdf8 25. h5 Kh7 26. Qe2 Kg7 27. c4 Qb6 28.
hxg6 fxg6 29. c5 dxc5 30. Rxe5 Bf6 31. Re6 Qxb2 32. e5 Qxe2 33. exf6+ Rxf6 34.
Rxe2 Rgf8 35. Re7+ R8f7 36. Rxf7+ Rxf7 37. Rd6 Re7 38. Rb6 h5 39. Bd1 1-0

[Event "CAN/QC op"]
[Site "Montreal CAN"]
[Date "2002.07.14"]
[Round "2"]
[White "Dubuc, Gabriel"]
[Black "Benen, Samson"]
[Result "0-1"]
[WhiteElo "1922"]
[BlackElo "2256"]
[PlyCount "56"]
[EventDate "2002.07.13"]
[EventType "swiss"]
[EventRounds "9"]
[EventCountry "CAN"]

1. e4 e5 2. f4 exf4 3. Nf3 Ne7 4. d4 d5 5. e5 Ng6 6. Bd3 Be7 7. Nc3 Bg4 8. Qe2
Nc6 9. Bxg6 hxg6 10. Qd3 Nb4 11. Qe2 Bf5 12. Bxf4 Nxc2+ 13. Kf2 Nxa1 14. Rxa1
c6 15. a3 g5 16. Bg3 g4 17. Ne1 Qb6 18. Qd2 Rh5 19. b4 Be4 20. Nxe4 dxe4 21.
Qe3 Rf5+ 22. Kg1 Qb5 23. Bf2 Qd5 24. Nc2 Bg5 25. Qe2 e3 26. Nxe3 Qxd4 27. Rd1
Rxf2 28. Qxf2 Qxe3 0-1

[Event "CAN/QC op"]
[Site "Montreal CAN"]
[Date "2002.07.14"]
[Round "2"]
[White "Dydak, Mateusz"]
[Black "Linskiy, Oleg"]
[Result "0-1"]
[WhiteElo "1945"]
[BlackElo "2473"]
[PlyCount "70"]
[EventDate "2002.07.13"]
[EventType "swiss"]
[EventRounds "9"]
[EventCountry "CAN"]

1. e4 d6 2. g3 Nf6 3. Nc3 g6 4. Bg2 Bg7 5. Nf3 O-O 6. O-O c5 7. d3 Nc6 8. h3
Rb8 9. a4 a6 10. Be3 Nd7 11. Qd2 Nd4 12. Bh6 Nxf3+ 13. Bxf3 Ne5 14. Bg2 Bxh3
15. Bxg7 Kxg7 16. f4 Bxg2 17. Kxg2 Ng4 18. Nd5 e6 19. Ne3 Nxe3+ 20. Qxe3 f5 21.
e5 Rc8 22. exd6 Qxd6 23. Rfe1 Rfd8 24. Kf3 Rc6 25. Qe5+ Qxe5 26. Rxe5 Rd5 27.
Rae1 Kf6 28. b3 Rd8 29. Kg2 Rb8 30. Rb1 h5 31. Kf3 b5 32. axb5 axb5 33. Rc1 c4
34. bxc4 bxc4 35. dxc4 Rxc4 0-1

[Event "CAN/QC op"]
[Site "Montreal CAN"]
[Date "2002.07.14"]
[Round "2"]
[White "Fillion, Steve"]
[Black "Nogueiras, Jesus"]
[Result "0-1"]
[WhiteElo "2122"]
[BlackElo "2587"]
[PlyCount "55"]
[EventDate "2002.07.13"]
[EventType "swiss"]
[EventRounds "9"]
[EventCountry "CAN"]

1. d4 Nf6 2. Nf3 e6 3. Bf4 b6 4. e3 c5 5. c3 Be7 6. h3 O-O 7. Nbd2 d6 8. Bd3
Ba6 9. Bxa6 Nxa6 10. O-O Qc8 11. a4 Qb7 12. Qb3 Rfd8 13. Rfe1 h6 14. Bh2 Rac8
15. Bg3 Ne8 16. Nc4 d5 17. Ncd2 Bd6 18. Bxd6 Nxd6 19. Ne5 Rb8 20. Qa2 Rdc8 21.
Nd3 Rc7 22. Qa3 Rbc8 23. Ne5 Re8 24. Nd3 f5 25. Nf4 Nb8 26. Qa2 Nd7 27. Qb1 Nf6
28. Qc2 0-1

[Event "CAN/QC op"]
[Site "Montreal CAN"]
[Date "2002.07.14"]
[Round "2"]
[White "Lawson, Eric"]
[Black "Vallieres, Mario"]
[Result "1-0"]
[WhiteElo "2282"]
[BlackElo "2024"]
[PlyCount "67"]
[EventDate "2002.07.13"]
[EventType "swiss"]
[EventRounds "9"]
[EventCountry "CAN"]

1. d4 f5 2. Bg5 Nf6 3. Bxf6 exf6 4. c4 g6 5. Nc3 Bg7 6. g3 O-O 7. Bg2 Nc6 8. e3
a5 9. Nge2 Rb8 10. h4 h5 11. Nf4 Ne7 12. Ncd5 Nxd5 13. Bxd5+ Kh7 14. c5 Bh6 15.
Qf3 Qe7 16. O-O-O b6 17. c6 b5 18. Kb1 Qd6 19. Rc1 Rb6 20. Rc5 dxc6 21. Bxc6
Bxf4 22. gxf4 Be6 23. Rhc1 Bc4 24. Bd5 Rfb8 25. b3 Bd3+ 26. Kb2 a4 27. Rxc7+
Kh6 28. Qg3 Qd8 29. Rg1 g5 30. hxg5+ fxg5 31. fxg5+ Kg6 32. Bf7+ Kg7 33. Qe5+
Kh7 34. Bg8+ 1-0

[Event "CAN/QC op"]
[Site "Montreal CAN"]
[Date "2002.07.14"]
[Round "2"]
[White "Legky, Nikolay"]
[Black "Ibrahim, Anthony"]
[Result "1-0"]
[WhiteElo "2465"]
[BlackElo "2183"]
[PlyCount "101"]
[EventDate "2002.07.13"]
[EventType "swiss"]
[EventRounds "9"]
[EventCountry "CAN"]

1. d4 Nf6 2. Nf3 e6 3. Bg5 d5 4. e3 Be7 5. c4 O-O 6. Nc3 c6 7. Qc2 Nbd7 8. cxd5
exd5 9. Bd3 h6 10. Bf4 Re8 11. h3 Bb4 12. a3 Bxc3+ 13. bxc3 Ne4 14. O-O Nf8 15.
c4 Ng6 16. cxd5 Nxf4 17. Bxe4 Nxd5 18. Ne5 Be6 19. Bf3 Rc8 20. Rfd1 Qg5 21. Qb2
Rc7 22. Kf1 Rce7 23. Rac1 h5 24. Qd2 f6 25. Nd3 Bf5 26. Bxd5+ cxd5 27. Nf4 Bd7
28. Rc5 Bc6 29. Rdc1 Qf5 30. Qc2 Re4 31. Kg1 Rxf4 32. exf4 Qxf4 33. Rd1 Re4 34.
Qd2 Qxd2 35. Rxd2 Kf7 36. Rc3 f5 37. Re3 Rxe3 38. fxe3 g5 39. Rf2 Kg6 40. Rc2
Kf6 41. Kf2 a6 42. Rc1 Kg6 43. Ke2 Kf6 44. Kd2 h4 45. Kc3 Ke6 46. Kb4 Kd6 47.
a4 Be8 48. Rc8 Bd7 49. Rg8 g4 50. Rh8 gxh3 51. gxh3 1-0

[Event "CAN/QC op"]
[Site "Montreal CAN"]
[Date "2002.07.14"]
[Round "2"]
[White "Leriche, Felix"]
[Black "Morabito, Matthew"]
[Result "1/2-1/2"]
[WhiteElo "2204"]
[BlackElo "1910"]
[PlyCount "49"]
[EventDate "2002.07.13"]
[EventType "swiss"]
[EventRounds "9"]
[EventCountry "CAN"]

1. e4 e5 2. Nf3 d6 3. d4 exd4 4. Nxd4 g6 5. Nc3 Bg7 6. Be3 Nf6 7. f3 O-O 8. Bc4
c6 9. Qd2 d5 10. exd5 Nxd5 11. Nxd5 cxd5 12. Bb3 Nc6 13. O-O-O Na5 14. h4 Nc4
15. Bxc4 dxc4 16. h5 Qc7 17. hxg6 fxg6 18. Rh4 c3 19. Qxc3 Qxc3 20. bxc3 Rf7
21. Kd2 Bd7 22. Rb1 b6 23. Nb5 Bxb5 24. Rxb5 Re8 25. Rd5 1/2-1/2

[Event "CAN/QC op"]
[Site "Montreal CAN"]
[Date "2002.07.14"]
[Round "2"]
[White "Lipnowski, Michael"]
[Black "Abreu Cordero, Jose"]
[Result "1-0"]
[WhiteElo "1856"]
[BlackElo "2189"]
[PlyCount "119"]
[EventDate "2002.07.13"]
[EventType "swiss"]
[EventRounds "9"]
[EventCountry "CAN"]

1. d4 c6 2. c4 d5 3. cxd5 cxd5 4. Bf4 Nc6 5. Nc3 a6 6. e3 e6 7. Bd3 Bd6 8. Bg3
Nf6 9. Nf3 O-O 10. O-O Re8 11. Rc1 Bxg3 12. hxg3 e5 13. Nxe5 Nxe5 14. dxe5 Rxe5
15. Be2 Bd7 16. Qd4 Qe7 17. Bf3 Bc6 18. Rfd1 Re8 19. b4 b5 20. a3 Bb7 21. Ne2
Qd6 22. Qc5 Qb8 23. Qc7 Qa8 24. Nd4 R5e7 25. Qb6 Rc8 26. Nf5 Re6 27. Nd6 Rb8
28. Qc7 Rxd6 29. Qxd6 Rd8 30. Qb6 Ne8 31. Qd4 Rd6 32. Rc5 Qd8 33. Rdc1 g6 34.
Bg4 f5 35. Bf3 h5 36. Bd1 Re6 37. Bb3 Rd6 38. a4 Nf6 39. axb5 axb5 40. Rxb5 Ba6
41. Rbc5 Kf8 42. Rc7 Bc4 43. Qa7 Ne8 44. Rh7 Qf6 45. Bxc4 dxc4 46. Rxc4 Kg8 47.
Rc8 Kf8 48. Qa8 Re6 49. Rd7 h4 50. gxh4 Qxh4 51. Rdd8 Qe4 52. Rxe8+ Rxe8 53.
Rxe8+ Qxe8 54. Qxe8+ Kxe8 55. Kf1 Kd7 56. Ke2 Kc6 57. Kd3 Kb5 58. Kc3 g5 59. f4
g4 60. g3 1-0

[Event "CAN/QC op"]
[Site "Montreal CAN"]
[Date "2002.07.14"]
[Round "2"]
[White "Luksza, Arkadiusz"]
[Black "Bannon, Eric"]
[Result "0-1"]
[WhiteElo "2270"]
[BlackElo "2212"]
[PlyCount "52"]
[EventDate "2002.07.13"]
[EventType "swiss"]
[EventRounds "9"]
[EventCountry "CAN"]

1. c4 e5 2. Nc3 Nf6 3. g3 g6 4. Bg2 Bg7 5. Nf3 d6 6. d4 exd4 7. Nxd4 O-O 8. O-O
c6 9. Bf4 Nh5 10. Be3 Nd7 11. Nf3 Qe7 12. Qd2 Ne5 13. Nxe5 Qxe5 14. Rac1 f5 15.
Rfd1 Rd8 16. Bf3 Nf6 17. Bf4 Qe6 18. Bg5 Bf8 19. Re1 Re8 20. e4 Qf7 21. Qd4 Ng4
22. exf5 Ne5 23. Bg2 Bxf5 24. b3 Nd3 25. Rxe8 Rxe8 26. Nd5 Bg7 0-1

[Event "CAN/QC op"]
[Site "Montreal CAN"]
[Date "2002.07.14"]
[Round "2"]
[White "Miron, Francois"]
[Black "Clement, Michel"]
[Result "0-1"]
[WhiteElo "2033"]
[BlackElo "2091"]
[PlyCount "126"]
[EventDate "2002.07.13"]
[EventType "swiss"]
[EventRounds "9"]
[EventCountry "CAN"]

1. e4 c5 2. Nc3 e6 3. f4 d5 4. Bb5+ Nc6 5. Nf3 Nf6 6. Qe2 d4 7. Nd1 Bd7 8. O-O
a6 9. Bxc6 Bxc6 10. d3 Be7 11. Nf2 h5 12. c3 Rc8 13. Ne5 Nd7 14. Nxc6 Rxc6 15.
c4 b5 16. b3 bxc4 17. bxc4 e5 18. Rb1 Rb6 19. Bd2 Qb8 20. Rxb6 Qxb6 21. fxe5
Nxe5 22. Bf4 Ng6 23. Nh3 h4 24. Qg4 Qe6 25. Qxe6 fxe6 26. Rb1 Rf8 27. Bg5 Bxg5
28. Nxg5 Nf4 29. Rd1 Ne2+ 30. Kh1 Nc3 31. Ra1 Ke7 32. Nf3 h3 33. a3 Rb8 34.
gxh3 Rb1+ 35. Rxb1 Nxb1 36. a4 a5 37. Ne5 Kd6 38. Nf7+ Kc7 39. Ng5 Kd7 40. e5
Nc3 41. Kg2 Nxa4 42. Ne4 Kc6 43. Kf2 Nb2 44. Ke2 a4 45. Kd2 a3 46. Kc2 Nxd3 47.
Kb3 Nxe5 48. Nd2 Ng6 49. Kxa3 Kd6 50. Ne4+ Kc6 51. Kb3 Nf4 52. Nf2 Nh5 53. Kc2
Nf6 54. Kd3 Kd6 55. Ke2 e5 56. Kf3 e4+ 57. Kf4 Ke6 58. h4 e3 59. Nd3 Nd7 60. h3
Kd6 61. Ke4 Nb6 62. Kf5 Nxc4 63. Kg6 Ne5+ 0-1

[Event "CAN/QC op"]
[Site "Montreal CAN"]
[Date "2002.07.14"]
[Round "2"]
[White "Moisan-Plante, Marc-Olivier"]
[Black "Degraeve, Jean Marc"]
[Result "0-1"]
[WhiteElo "2118"]
[BlackElo "2612"]
[PlyCount "78"]
[EventDate "2002.07.13"]
[EventType "swiss"]
[EventRounds "9"]
[EventCountry "CAN"]

1. e4 c5 2. Nf3 Nc6 3. d4 cxd4 4. Nxd4 e5 5. Nb5 d6 6. N1c3 a6 7. Na3 b5 8. Nd5
Nf6 9. Bg5 Be7 10. Bxf6 Bxf6 11. c3 Bg5 12. Nc2 Rb8 13. a4 bxa4 14. Ncb4 Nxb4
15. Nxb4 Bd7 16. Qxd6 Be7 17. Qxe5 O-O 18. Bxa6 Bxb4 19. cxb4 Rxb4 20. O-O Qb6
21. Bd3 Rxb2 22. Rab1 a3 23. Qe7 a2 24. Rxb2 Qxb2 25. Qxd7 a1=Q 26. Rxa1 Qxa1+
27. Bf1 g6 28. Qe7 Qa4 29. Qb7 Re8 30. Bb5 Qa1+ 31. Bf1 Qd4 32. Qb5 Rxe4 33.
Qa6 Kg7 34. Qa2 Re1 35. Qa6 h5 36. Qb5 h4 37. h3 Re6 38. Qa5 Rb6 39. Qa8 Rb1
0-1

[Event "CAN/QC op"]
[Site "Montreal CAN"]
[Date "2002.07.14"]
[Round "2"]
[White "Morin, Louis"]
[Black "Masse, Hugues"]
[Result "0-1"]
[WhiteElo "1864"]
[BlackElo "2095"]
[PlyCount "74"]
[EventDate "2002.07.13"]
[EventType "swiss"]
[EventRounds "9"]
[EventCountry "CAN"]

1. e4 c5 2. d4 cxd4 3. c3 Nf6 4. e5 Nd5 5. Qxd4 e6 6. Bc4 Nc6 7. Qe4 f5 8. Qe2
Nc7 9. Nf3 Be7 10. O-O O-O 11. Rd1 Rb8 12. a4 b6 13. b4 Kh8 14. Na3 g5 15. a5
g4 16. Nd4 Nxd4 17. Rxd4 bxa5 18. bxa5 Bc5 19. Rf4 Bb7 20. Be3 Bxe3 21. fxe3
Bc6 22. Rff1 Qe7 23. Qd2 Qc5 24. Qd4 Qe7 25. Qxa7 Rb2 26. Rf2 Rxf2 27. Kxf2
Qh4+ 28. Kg1 g3 29. hxg3 Qxg3 30. Ra2 Rg8 31. Bf1 Nd5 32. Nc4 Nxc3 33. Rc2 Ne4
34. Nd6 Ng5 35. Nf7+ Nxf7 36. Rxc6 Nxe5 37. Kh1 Nf3 0-1

[Event "CAN/QC op"]
[Site "Montreal CAN"]
[Date "2002.07.14"]
[Round "2"]
[White "Predescu, Sebastian"]
[Black "Voskanyan, Vahagn"]
[Result "0-1"]
[WhiteElo "2056"]
[BlackElo "2359"]
[PlyCount "130"]
[EventDate "2002.07.13"]
[EventType "swiss"]
[EventRounds "9"]
[EventCountry "CAN"]

1. e4 c6 2. d4 d5 3. exd5 cxd5 4. Bd3 Nf6 5. c3 Nc6 6. Bf4 Bg4 7. Qb3 Qd7 8.
Nd2 e6 9. Ngf3 Bxf3 10. Nxf3 a6 11. O-O Be7 12. Rae1 Rc8 13. Ne5 Nxe5 14. Bxe5
O-O 15. Bxf6 Bxf6 16. f4 g6 17. g4 b5 18. a3 Rb8 19. f5 exf5 20. gxf5 Kg7 21.
fxg6 hxg6 22. Qc2 Rh8 23. Re3 Rbe8 24. Ref3 Re6 25. Qf2 Qe7 26. Kh1 Rh5 27. Kg1
Qd6 28. Rg3 Qc7 29. Rf3 Kg8 30. Rg3 Rg5 31. Rxg5 Bxg5 32. Qg2 Qd8 33. Be2 Be3+
34. Kh1 Bh6 35. Bf3 Rf6 36. Re1 Rf5 37. Qe2 Qh4 38. Rf1 Bf4 39. Qf2 Qh6 40. Qg2
Kg7 41. Bg4 Rf6 42. h3 Bb8 43. Rxf6 Kxf6 44. Qf2+ Kg7 45. Kg2 Qg5 46. Kh1 Bf4
47. Bf3 Be3 48. Qf1 Qf5 49. Kg2 Bf4 50. Kh1 Bc1 51. Qxc1 Qxh3+ 52. Kg1 Qxf3 53.
Qe1 Qf4 54. Qe2 g5 55. Qe1 Kg6 56. Qe2 g4 57. Qc2+ Qe4 58. Qf2 f5 59. Qg3 Qb1+
60. Kg2 Qxb2+ 61. Kg1 Qc1+ 62. Kg2 Qd2+ 63. Kg1 Qd1+ 64. Kh2 Qe2+ 65. Kg1 Kg5
0-1

[Event "CAN/QC op"]
[Site "Montreal CAN"]
[Date "2002.07.14"]
[Round "2"]
[White "Robichaud, Louis"]
[Black "Laptos, Kris"]
[Result "0-1"]
[WhiteElo "2052"]
[BlackElo "2220"]
[PlyCount "78"]
[EventDate "2002.07.13"]
[EventType "swiss"]
[EventRounds "9"]
[EventCountry "CAN"]

1. e4 d6 2. d4 Nf6 3. Nc3 c6 4. f4 d5 5. e5 Ng8 6. Nf3 h5 7. Bd3 Nh6 8. O-O g6
9. Be3 Bf5 10. Ne2 e6 11. b3 Bxd3 12. Qxd3 Nf5 13. c4 Na6 14. Bf2 Be7 15. a3
Nc7 16. Nc3 Kf8 17. c5 b5 18. cxb6 axb6 19. b4 Kg7 20. Ra2 Qd7 21. Rfa1 Ra7 22.
g3 b5 23. h3 Na8 24. g4 hxg4 25. hxg4 Nh6 26. f5 exf5 27. g5 Ng4 28. Ne2 Nc7
29. Nf4 Ne6 30. Bg3 Rha8 31. Qd2 Ra4 32. Nd3 Qa7 33. Qb2 Nxg5 34. Nxg5 Bxg5 35.
Bf4 Qe7 36. Qd2 Bxf4 37. Qxf4 Rh8 38. Rg2 Qh4 39. Kf1 Qh3 0-1

[Event "CAN/QC op"]
[Site "Montreal CAN"]
[Date "2002.07.14"]
[Round "2"]
[White "Roy, Guy"]
[Black "Ivanov, Igor V"]
[Result "0-1"]
[WhiteElo "2138"]
[BlackElo "2546"]
[PlyCount "104"]
[EventDate "2002.07.13"]
[EventType "swiss"]
[EventRounds "9"]
[EventCountry "CAN"]

1. e4 g6 2. d4 c6 3. c4 d6 4. Nc3 e5 5. dxe5 dxe5 6. Qxd8+ Kxd8 7. Nf3 f6 8.
Be3 Be6 9. Be2 Nd7 10. O-O-O Bh6 11. Bxh6 Nxh6 12. h3 a5 13. Na4 Kc7 14. Rd2
Rhd8 15. Rhd1 Nf7 16. b3 b6 17. Ne1 Nf8 18. Nc2 Rxd2 19. Rxd2 Ng5 20. f3 Bd7
21. Ne3 h5 22. Nc2 h4 23. Bf1 Nge6 24. Nc3 Nf4 25. Ne2 Nh5 26. Ne1 Ne6 27. Nd3
b5 28. cxb5 cxb5 29. Kb2 Bc6 30. Rc2 Kb6 31. b4 Ng3 32. Nxg3 hxg3 33. bxa5+
Rxa5 34. Nb4 Nd4 35. Rc3 Ra4 36. a3 Bb7 37. Nc2 Ra8 38. Ne3 f5 39. exf5 gxf5
40. Bd3 Rf8 41. Nf1 Bxf3 42. Nxg3 Ba8 43. Ne2 Ne6 44. Rb3 Bc6 45. Bxb5 Nc5 46.
Bxc6+ Nxb3 47. Bd5 Nc5 48. h4 Rh8 49. Ng3 f4 50. Nf5 Rh5 51. Nd6 Rxh4 52. Nc4+
Kc7 0-1

[Event "CAN/QC op"]
[Site "Montreal CAN"]
[Date "2002.07.14"]
[Round "2"]
[White "Saint Amand, Paul"]
[Black "Fernandez, John"]
[Result "0-1"]
[WhiteElo "2214"]
[BlackElo "2133"]
[PlyCount "108"]
[EventDate "2002.07.13"]
[EventType "swiss"]
[EventRounds "9"]
[EventCountry "CAN"]

1. e4 c5 2. c3 e5 3. Nf3 Nc6 4. d4 cxd4 5. cxd4 exd4 6. Nxd4 Nf6 7. Nc3 Bb4 8.
Nxc6 dxc6 9. Qxd8+ Kxd8 10. Bg5 Be7 11. O-O-O+ Ke8 12. Bc4 Ng4 13. Bxe7 Kxe7
14. Rd2 Ne5 15. Bb3 Be6 16. Bxe6 Kxe6 17. Rhd1 g5 18. Ne2 f6 19. Ng3 h5 20. Nf5
Rh7 21. f3 h4 22. Rd6+ Kf7 23. h3 Rb8 24. Ne3 Re8 25. Nf5 Rb8 26. Rf1 Rg8 27.
f4 gxf4 28. Rxf4 Rxg2 29. Nxh4 Rg1+ 30. Kc2 Rh6 31. Nf3 Rg2+ 32. Kc1 Ke7 33.
Nxe5 fxe5 34. Rxh6 exf4 35. Rh4 f3 36. Kd1 Rxb2 37. Rf4 f2 38. a4 Ke6 39. h4
Ke5 40. Rf8 f1=R+ 41. Rxf1 Rb1+ 42. Ke2 Rxf1 43. Kxf1 Kxe4 44. a5 b5 45. Ke2 a6
46. h5 Kf5 47. Kd3 c5 48. h6 Kg6 49. Ke4 c4 50. Kd4 Kxh6 51. Kc5 c3 52. Kb6 c2
53. Kxa6 c1=Q 54. Kxb5 Qc8 0-1

[Event "CAN/QC op"]
[Site "Montreal CAN"]
[Date "2002.07.14"]
[Round "2"]
[White "Sarwer, Jeff"]
[Black "Mayo, Alvah"]
[Result "1/2-1/2"]
[WhiteElo "2336"]
[BlackElo "2119"]
[PlyCount "70"]
[EventDate "2002.07.13"]
[EventType "swiss"]
[EventRounds "9"]
[EventCountry "CAN"]

1. d4 g6 2. c4 Bg7 3. e4 c5 4. d5 d6 5. Bd3 Nf6 6. Nc3 O-O 7. Nge2 Na6 8. O-O
Nc7 9. Bg5 a6 10. a4 b6 11. Qd2 Rb8 12. f4 b5 13. axb5 axb5 14. cxb5 Bd7 15.
Ra7 Nxb5 16. Bxb5 Bxb5 17. e5 Bxe2 18. Qxe2 dxe5 19. Qxe5 Rxb2 20. Qxe7 Qxe7
21. Rxe7 Rc2 22. Rf3 Rxc3 23. Rxc3 Nxd5 24. Rc4 Nxe7 25. Bxe7 Re8 26. Bd6 Bd4+
27. Kf1 Rc8 28. Ke2 Rc6 29. Bb8 Ra6 30. Rc2 Kf8 31. Kd3 Ke7 32. Kc4 Kd7 33. Kd5
f6 34. h3 Ra3 35. Bd6 Ra6 1/2-1/2

[Event "CAN/QC op"]
[Site "Montreal CAN"]
[Date "2002.07.14"]
[Round "2"]
[White "Soudre, Nicolas"]
[Black "Burnett, Ronald"]
[Result "0-1"]
[WhiteElo "2177"]
[BlackElo "2404"]
[PlyCount "78"]
[EventDate "2002.07.13"]
[EventType "swiss"]
[EventRounds "9"]
[EventCountry "CAN"]

1. e4 g6 2. Nc3 Bg7 3. f4 e6 4. Nf3 Ne7 5. d3 d5 6. g3 c5 7. Bg2 Nbc6 8. O-O
O-O 9. Qe1 f5 10. e5 d4 11. Nb5 b6 12. Nd6 Bd7 13. c4 Nc8 14. Nxc8 Rxc8 15. Bd2
h6 16. a3 Rf7 17. b4 a6 18. Qe2 Bf8 19. Rfb1 b5 20. cxb5 axb5 21. bxc5 Bxc5 22.
Bb4 Bxb4 23. axb4 g5 24. Kh1 gxf4 25. gxf4 Rg7 26. Qd2 Kh7 27. Ra6 Qe7 28. Rb6
Rcg8 29. Bh3 Qe8 30. Rg1 Rxg1+ 31. Nxg1 Nxb4 32. Bg2 Bc6 33. Bxc6 Nxc6 34. Qf2
Nb4 35. Qf3 Nd5 36. Rb7+ Kh8 37. Ne2 Qc8 38. Rxb5 Nxf4 39. h3 Nxe2 0-1

[Event "CAN/QC op"]
[Site "Montreal CAN"]
[Date "2002.07.14"]
[Round "3"]
[White "Bannon, Eric"]
[Black "Falardeau, Richard"]
[Result "1-0"]
[WhiteElo "2212"]
[BlackElo "1946"]
[PlyCount "73"]
[EventDate "2002.07.13"]
[EventType "swiss"]
[EventRounds "9"]
[EventCountry "CAN"]

1. e4 d6 2. d4 g6 3. Nc3 Bg7 4. Be3 Nd7 5. Qd2 e5 6. Nf3 h6 7. O-O-O Ne7 8.
dxe5 Nxe5 9. Nxe5 Bxe5 10. Bxh6 Bxc3 11. bxc3 Be6 12. Be3 Qd7 13. Qd4 Rh5 14.
Be2 Re5 15. Qxe5 dxe5 16. Rxd7 Bxd7 17. f3 Be6 18. Bg5 Ng8 19. Rd1 f6 20. Be3
a6 21. c4 Ne7 22. Kb2 Rd8 23. Rxd8+ Kxd8 24. h4 Nc8 25. g4 Nd6 26. Kc3 b5 27.
cxb5 axb5 28. a3 c6 29. Kb4 Kc7 30. Bc5 Nc4 31. a4 f5 32. exf5 gxf5 33. g5 Bd5
34. h5 Nd6 35. Bxd6+ Kxd6 36. h6 e4 37. fxe4 1-0

[Event "CAN/QC op"]
[Site "Montreal CAN"]
[Date "2002.07.14"]
[Round "3"]
[White "Burnett, Ronald"]
[Black "Barsov, Alexei"]
[Result "1/2-1/2"]
[WhiteElo "2404"]
[BlackElo "2501"]
[PlyCount "36"]
[EventDate "2002.07.13"]
[EventType "swiss"]
[EventRounds "9"]
[EventCountry "CAN"]

1. c4 e6 2. Nc3 Nf6 3. e4 c5 4. e5 Ng8 5. Nf3 Nc6 6. b3 d6 7. exd6 Bxd6 8. Bb2
Nf6 9. d4 O-O 10. Be2 Qa5 11. dxc5 Bxc5 12. O-O Rd8 13. Qc2 Ba3 14. Rad1 Bxb2
15. Qxb2 Bd7 16. Nb5 Be8 17. Nd6 Qc7 18. Nxe8 Nxe8 1/2-1/2